000 00283nam a2200109Ia 4500
008 230312s9999||||xx |||||||||||||| ||und||
082 _a759.940
_bPAN-T
100 _aPande:Anupa
245 4 _aThe art of central asia and the indian subcontinent
650 _aArchitecture
942 _cBK
999 _c14522
_d14522